000 01073nam a2200241 a 4500
001 000041491
005 20201002034934.0
008 131016s2004 sp ac 000 0 spa d
020 _a8400040090
040 _aDO-SdBNP
_bspa
_cBNPHU
100 1 _aPedro de Atarrabía
_968184
245 1 0 _aPetri de Atarrabia sive de Navarra In primum sententiarum scriptum /
_cquod ad fidem codicum manuscriptorum critice edidit Pius Sagües Azcona.
260 _aBarcelona :
_bCSIC,.
300 _a506 p. :
_bil., retrs. ;
_c25 cm.
490 1 _aBibliotheca theologica Hispana
_v2
500 _aLa biblioteca posee el v. 1
504 _aBibliografía : p. 245 -255
504 _aIncluye referencias bibliográficas y notas al pie de las páginas
505 2 _av. 1
_tIntroductio, prologus et distinctiones a prima usque ad decimam octavam.--
_gv.2
_tDistinctiones a decima nona usque ad quadragesimam octavam --
700 1 _aSagües Azcona, Pío,
_eed.
_968185
710 2 _aConsejo Superior de Investigaciones Científicas
_94786
830 0 _aBibliotheca theologica Hispana
_v2
_968186
999 _c40981
_d40981